Представление документа в формате RUSMARC

ПолеНазваниеЗначение
  Тип записи a
  Библиографический уровень a
001 Контрольный номер RU/CBS_UL/BASE/5a52dad216a541ce8d3171b5173d874b
005 Дата корректировки 20240912160109.1
100 Данные общей обработки __
a Данные общей обработки 20240912 ||| 0rusy0189 ca
101 Язык документа 0_
a Язык текста rus
102 Страна публикации __
a Страна публикации RU
200 Заглавие и сведения об ответственности 1_
a Заглавие Шăпчăк çĕрĕпех юрлать
e Сведения, относящиеся к заглавию [роман на чуваш. яз.]
f Первые сведения об ответственности С. Павлов
300 Общие примечания __
a Общие примечания 12+
461 Уровень набора _0
1 2000
a Таван Атал/Родная Волга
463 Уровень физической единицы _0
1 2000
a № 3
v С. 96-113 : фот. - Начало. Продолж. следует.
1 2101
d 2023
1 001RU/CBS_UL/BASE/8ff38f806447461ca10e40fa297203a0
606 Тематические рубрики 0_
a Основная рубрика Чувашская литература, 20-21 вв. - Романы
610 Ключевые слова 0_
a Ключевые слова литература
610 Ключевые слова 0_
a Ключевые слова чувашская литература
610 Ключевые слова 0_
a Ключевые слова романы
610 Ключевые слова 0_
a Ключевые слова романы на чувашском языке
610 Ключевые слова 0_
a Ключевые слова писатели
610 Ключевые слова 0_
a Ключевые слова чувашские писатели
686 Индексы других классификаций __
2 Код системы rubbk
a Классификационный индекс 84(2Рос=Чув)6
700 Автор _1
a Фамилия Павлов
b Имя (инициалы) С.
801 Источник записи _0
a Страна RU
b Организация МБУК ЦБС г. Ульяновска
c Дата составления 20240912
g Правила каталогизации RCR
801 Источник записи _1
a Страна RU
b Организация МБУК ЦБС г. Ульяновска
c Дата составления 20240912
g Правила каталогизации RCR
901 Тип документа __
t Тип документа b
w Контрольный № источника RU/CBS_UL/BASE/8ff38f806447461ca10e40fa297203a0
909 Создатель записи __
a Создатель записи lib17